Boroughs of Oslo Quiz Stats

 Plays Quiz not verified by Sporcle

Score 0/17 Timer 05:00
0 Plays Today
Rank Borough % Correct
1Grünerløkka
80%
2Frogner
80%
4Nordstrand
70%
9Sagene
70%
10Søndre Nordstrand
70%
15Grorud
70%
3Gamle Oslo
60%
6Østensjø
60%
7Alna
60%
Rank Borough % Correct
12Ullern
60%
13Stovner
60%
17Sentrum (City Center)
60%
5Nordre Aker
50%
8Vestre Aker
50%
11St. Hanshaugen
50%
14Bjerke
50%
16Marka (City Forest)
30%

You're not logged in!

Compare scores with friends on all Sporcle quizzes.
OR
Log In

Sporcle TV

Today on Sporcle TV


Watch our educational content, quiz creation guides, and fun videos on Sporcle TV.

Show Comments

Extras

Created Nov 19, 2017ReportNominate
Tags:Population Quiz, borough, oslo

Top Quizzes Today


Score Distribution

Your Account Isn't Verified!

In order to create a playlist on Sporcle, you need to verify the email address you used during registration. Go to your Sporcle Settings to finish the process.

Report this User

Report this user for behavior that violates our Community Guidelines.

Details: